[Event "Rubinstein Memorial-B 55th"]
[Site "Polanica Zdroj"]
[Date "2019.08.19"]
[Round "3"]
[White "Shilov, Sergej"]
[Black "Czuchnicki, Jan"]
[Result "1-0"]
[WhiteElo "2129"]
[BlackElo "1849"]
[PlyCount "71"]
[EventDate "2019.08.17"]
[EventType "swiss"]
[EventRounds "9"]
[EventCountry "POL"]
[SourceTitle "EXT 2020"]
[Source "ChessBase"]
[SourceDate "2019.10.17"]
[SourceVersion "1"]
[SourceVersionDate "2019.10.17"]
[SourceQuality "1"]

1. d4 Nf6 2. c4 g6 3. Nc3 Bg7 4. e4 d6 5. f3 0-0 6. Be3 a6 7. Qd2 Nc6 8. Nge2 Rb8 9. g4 b5 10. Bh6 e5 11. Bxg7 Kxg7 12. d5 Ne7 13. Ng3 b4 14. Nd1 Nd7 15. h4 h6 16. Nf2 Nc5 17. Nd3 Nxd3+ 18. Bxd3 c6 19. 0-0-0 Qb6 20. Rdg1 Rh8 21. g5 h5 22. f4 Bg4 23. Rf1 Rhf8 24. Kb1 a5 25. Be2 Bd7 26. fxe5 dxe5 27. Bxh5 cxd5 28. cxd5 a4 29. Rf6 Qa7 30. Be2 a3 31. b3 Ng8 32. Rff1 Qc5 33. Bc4 Ne7 34. h5 Rbe8 35. Qh2 Rh8 36. d6 1-0

[Event "Police Gniota Memorial 33rd"]
[Site "Police"]
[Date "2018.07.19"]
[Round "9"]
[White "Lanica, Lukasz"]
[Black "Czuchnicki, Jan"]
[Result "1-0"]
[WhiteElo "1814"]
[BlackElo "1894"]
[PlyCount "129"]
[EventDate "2018.07.11"]
[EventType "swiss"]
[EventRounds "9"]
[EventCountry "POL"]
[SourceTitle "CBM 185 Extra"]
[Source "ChessBase"]
[SourceDate "2018.07.29"]
[SourceVersion "1"]
[SourceVersionDate "2018.07.29"]
[SourceQuality "1"]

1. e4 c5 2. Nf3 e6 3. d4 cxd4 4. Nxd4 a6 5. Nc3 Qc7 6. Bd3 Nc6 7. Be3 b5 8. 0-0 Bb7 9. Nxc6 Bxc6 10. f3 h5 11. Qe1 h4 12. a4 b4 13. Nd5 Bxd5 14. exd5 Nf6 15. dxe6 dxe6 16. Qe2 Bd6 17. h3 a5 18. Rfd1 Bc5 19. Bb5+ Ke7 20. Kh1 Rad8 21. Qc4 Bb6 22. Qxc7+ Bxc7 23. Bc5+ Bd6 24. Bb6 Ra8 25. Rd3 Rh5 26. Rad1 Rd5 27. Rxd5 Nxd5 28. Bf2 Bg3 29. Bc5+ Bd6 30. Bd4 Rc8 31. Bd3 f6 32. Re1 Kf7 33. b3 Bc5 34. Bb2 g5 35. Bc4 Nf4 36. Rd1 Ke7 37. Bc1 Nh5 38. Bb2 Rc6 39. Bd4 Bxd4 40. Rxd4 Rd6 41. Rxd6 Kxd6 42. Kg1 Ke5 43. Kf2 f5 44. Ke3 Nf4 45. Bf1 Kd5 46. Bc4+ Kc5 47. Kf2 Kd4 48. g3 hxg3+ 49. Kxg3 Kc3 50. h4 Nh5+ 51. Kh3 Nf4+ 52. Kg3 Nh5+ 53. Kh3 gxh4 54. Kxh4 Nf6 55. Bxe6 Kxc2 56. Kg5 Ne8 57. Bd5 Nd6 58. Kf4 Nc8 59. Ke5 Kc3 60. Bf7 Nb6 61. Kxf5 Nxa4 62. bxa4 b3 63. Ke4 Kb4 64. Kd3 Kxa4 65. Kc3 1-0

[Event "Police Gniota Memorial 33rd"]
[Site "Police"]
[Date "2018.07.14"]
[Round "4"]
[White "Olenderek, Tomasz"]
[Black "Czuchnicki, Jan"]
[Result "1-0"]
[WhiteElo "2072"]
[BlackElo "1894"]
[PlyCount "87"]
[EventDate "2018.07.11"]
[EventType "swiss"]
[EventRounds "9"]
[EventCountry "POL"]
[SourceTitle "CBM 185 Extra"]
[Source "ChessBase"]
[SourceDate "2018.07.29"]
[SourceVersion "1"]
[SourceVersionDate "2018.07.29"]
[SourceQuality "1"]

1. d4 Nf6 2. Nf3 d6 3. Nbd2 g6 4. e4 Bg7 5. Bd3 0-0 6. 0-0 Nbd7 7. c3 c5 8. Re1 e5 9. dxe5 dxe5 10. Nc4 Qc7 11. a4 b6 12. Qb3 a6 13. Bg5 Bb7 14. Bxf6 Bxf6 15. Ne3 Rfd8 16. Bc4 Nf8 17. Bd5 Rab8 18. Bxb7 Qxb7 19. Nd5 Bg7 20. Nd2 b5 21. axb5 axb5 22. Ra5 c4 23. Qa3 Rxd5 24. exd5 Qxd5 25. Nf1 Ne6 26. Ne3 Qe4 27. Qe7 Bf8 28. Qf6 Bc5 29. Qf3 Qxf3 30. gxf3 Nf4 31. Rea1 Rb7 32. Ra8+ Kg7 33. Rc8 Nd3 34. Raa8 f5 35. Rcb8 Rd7 36. Rxb5 f4 37. Nxc4 Bxf2+ 38. Kf1 Bh4 39. Ra1 Re7 40. Nd6 Kh6 41. Ne4 Rd7 42. Rd1 Nc5 43. Rxd7 Nxd7 44. Rb7 1-0

[Event "Kochan Memorial op-B 20th"]
[Site "Koszalin"]
[Date "2009.08.14"]
[Round "9"]
[White "Czuchnicki, Jan"]
[Black "Puszkarek, Kamil"]
[Result "0-1"]
[WhiteElo "1983"]
[BlackElo "1593"]
[PlyCount "84"]
[EventDate "2009.08.06"]
[EventType "swiss"]
[EventRounds "9"]
[EventCountry "POL"]
[SourceTitle "CBM 132 Extra"]
[Source "ChessBase"]
[SourceDate "2009.11.03"]
[SourceVersion "1"]
[SourceVersionDate "2009.11.03"]
[SourceQuality "1"]

1. Nf3 d5 2. d4 Nf6 3. c4 e6 4. g3 Bb4+ 5. Bd2 Be7 6. Bg2 0-0 7. Qc2 c6 8. 0-0 b6 9. Rd1 dxc4 10. Bf4 Ba6 11. Ne5 Nd5 12. Nxc4 Nxf4 13. gxf4 f6 14. Qb3 Kh8 15. e3 Re8 16. Nc3 Qc7 17. Rac1 Nd7 18. Na3 Rac8 19. Bh3 c5 20. Nab5 Qb8 21. Qxe6 Nf8 22. Qb3 Bb7 23. a4 a6 24. Na3 Bf3 25. Rd2 cxd4 26. Rxd4 Bc5 27. Rd3 Ng6 28. Nc2 Nxf4 29. exf4 Qxf4 30. Rxf3 Qxf3 31. Bg2 Qxf2+ 32. Kh1 Qf4 33. Rf1 Qh4 34. Qd5 Rcd8 35. Qf3 Rd2 36. Na3 Bd6 37. h3 h6 38. Nc4 Qxc4 39. Qh5 Qe6 40. Bc6 Rh2+ 41. Kg1 Qe3+ 42. Rf2 Qxf2# 0-1

[Event "Kochan Memorial op-B 20th"]
[Site "Koszalin"]
[Date "2009.08.09"]
[Round "4"]
[White "Czuchnicki, Jan"]
[Black "Laskowski, Filip"]
[Result "1-0"]
[WhiteElo "1983"]
[BlackElo "1680"]
[PlyCount "75"]
[EventDate "2009.08.06"]
[EventType "swiss"]
[EventRounds "9"]
[EventCountry "POL"]
[SourceTitle "CBM 132 Extra"]
[Source "ChessBase"]
[SourceDate "2009.11.03"]
[SourceVersion "1"]
[SourceVersionDate "2009.11.03"]
[SourceQuality "1"]

1. d4 Nf6 2. Nf3 g6 3. g3 Bg7 4. Bg2 0-0 5. 0-0 d6 6. a4 Nbd7 7. a5 c6 8. Nbd2 Qc7 9. Nc4 Rb8 10. Re1 b5 11. axb6 axb6 12. e4 b5 13. Na5 Ra8 14. Bd2 e5 15. Qe2 Re8 16. dxe5 dxe5 17. Nb3 Bb7 18. Ba5 Qc8 19. Nbd2 Nc5 20. b4 Na4 21. c4 Ba6 22. c5 Ra7 23. Nb3 Qg4 24. Qc2 Bc8 25. Nfd2 Qh5 26. f3 Bh3 27. Nf1 Bxg2 28. Kxg2 Rd7 29. Rad1 Bf8 30. Ne3 Be7 31. Rxd7 Nxd7 32. Rd1 Nf6 33. Bc7 Rc8 34. Bd6 Bxd6 35. Rxd6 Kg7 36. Na5 Qg5 37. Qd2 Ne8 38. Nf5+ 1-0

[Event "Kochan Memorial op-B 20th"]
[Site "Koszalin"]
[Date "2009.08.06"]
[Round "1"]
[White "Zelenka, Katarzyna"]
[Black "Czuchnicki, Jan"]
[Result "0-1"]
[WhiteElo "1583"]
[BlackElo "1983"]
[PlyCount "60"]
[EventDate "2009.08.06"]
[EventType "swiss"]
[EventRounds "9"]
[EventCountry "POL"]
[SourceTitle "CBM 132 Extra"]
[Source "ChessBase"]
[SourceDate "2009.11.03"]
[SourceVersion "1"]
[SourceVersionDate "2009.11.03"]
[SourceQuality "1"]

1. e4 c5 2. Nf3 d6 3. d4 cxd4 4. Nxd4 Nf6 5. Nc3 a6 6. a3 e6 7. Be2 Be7 8. 0-0 0-0 9. Kh1 Qc7 10. f4 b5 11. Bf3 Bb7 12. Qe1 Nc6 13. Be3 Rac8 14. Rc1 Nxd4 15. Bxd4 Bc6 16. Qg3 Kh8 17. e5 Ne8 18. Be2 Qb7 19. Bd3 dxe5 20. fxe5 g6 21. Be3 Ng7 22. Bh6 Kg8 23. Qg4 Rfe8 24. Be4 Nf5 25. Bxc6 Rxc6 26. Bd2 Rd8 27. Rcd1 Rc4 28. Rf4 Rdd4 29. Ne2 Rxf4 30. Bxf4 Ne3 0-1

[Event "Szczecin-ch"]
[Site "Szczecin"]
[Date "2007.06.02"]
[Round "7.3"]
[White "Czuchnicki, Jan"]
[Black "Ptaszek, Przemyslaw"]
[Result "1/2-1/2"]
[WhiteElo "1993"]
[BlackElo "1922"]
[PlyCount "78"]
[EventDate "2007.05.26"]
[EventType "swiss"]
[EventRounds "9"]
[EventCountry "POL"]
[SourceTitle "EXT 2023"]
[Source "ChessBase"]
[SourceDate "2022.10.05"]
[SourceVersion "1"]
[SourceVersionDate "2022.10.05"]
[SourceQuality "1"]

1. d4 d5 2. c4 e6 3. Nf3 Nf6 4. g3 Be7 5. Bg2 0-0 6. 0-0 Nc6 7. Qc2 dxc4 8. Qxc4 Rb8 9. Nc3 a6 10. Rd1 Na5 11. Qa4 b6 12. Ne5 Bd7 13. Qc2 Qe8 14. e4 Nc6 15. Nxd7 Nxd7 16. Be3 Nb4 17. Qe2 c5 18. d5 c4 19. Qxc4 exd5 20. Nxd5 Ne5 21. Nxe7+ Qxe7 22. Qe2 Rfc8 23. a3 Rc2 24. Rd2 Rxd2 25. Qxd2 Nbc6 26. Rc1 Na5 27. Qe2 b5 28. f4 Nec4 29. Bf2 Rd8 30. Rc2 Qd6 31. e5 Qd1+ 32. Qxd1 Rxd1+ 33. Bf1 Kf8 34. Kg2 Ke7 35. Be2 Rd2 36. Rxd2 Nxd2 37. Bc5+ Ke6 38. Bb4 Nac4 39. Bc3 g6 1/2-1/2

[Event "Mecklenburg VP LL1 0607"]
[Site "Mecklenburg VP"]
[Date "2007.03.18"]
[Round "7.4"]
[White "Toedtmann, Helmut"]
[Black "Czuchnicki, Jan"]
[Result "0-1"]
[WhiteElo "1609"]
[BlackElo "1989"]
[PlyCount "138"]
[EventDate "2006.10.15"]
[EventType "team"]
[EventRounds "9"]
[EventCountry "GER"]
[SourceTitle "EXT 2008"]
[Source "ChessBase"]
[SourceDate "2007.11.25"]
[SourceVersion "1"]
[SourceVersionDate "2007.11.25"]
[SourceQuality "1"]
[WhiteTeam "Saal Waterkant"]
[BlackTeam "Torgelow"]
[WhiteTeamCountry "GER"]
[BlackTeamCountry "GER"]

1. e4 c5 2. Nf3 d6 3. d4 Nf6 4. Nc3 cxd4 5. Nxd4 a6 6. Be3 e6 7. Be2 Be7 8. Qd2 Qc7 9. 0-0 b5 10. a3 Bb7 11. Bf3 Nbd7 12. Bg5 h6 13. Bxf6 Nxf6 14. Rfe1 Nd7 15. Bh5 0-0 16. Nd1 Rac8 17. c3 Ne5 18. f4 Nc4 19. Qe2 Bh4 20. g3 Bf6 21. Nf2 Qc5 22. Rad1 a5 23. Bf3 b4 24. axb4 axb4 25. Ng4 e5 26. cxb4 Qb6 27. Nxf6+ gxf6 28. Bg2 Kh7 29. Qh5 Rg8 30. Qxf7+ Rg7 31. Qxf6 exd4 32. Qxd4 Qxb4 33. Rc1 Qc5 34. Qxc5 Rxc5 35. e5 Bxg2 36. Kxg2 dxe5 37. b3 Ne3+ 38. Kf3 Rxc1 39. Rxc1 exf4 40. Kxf4 Re7 41. Kf3 Nf5 42. Rb1 Nd4+ 43. Kf4 Kg6 44. b4 Ne2+ 45. Kf3 Kf5 46. Rd1 Nc3 47. Rd3 Na2 48. b5 Nb4 49. Rd6 Rh7 50. b6 Ke5 51. b7 Rxb7 52. Rxh6 Nd5 53. Rh5+ Ke6 54. Rh6+ Nf6 55. Rh4 Rb3+ 56. Kg2 Ke5 57. Ra4 Rb2+ 58. Kg1 Nd5 59. Kh1 Nb4 60. h4 Kf5 61. h5 Kg5 62. Ra5+ Kg4 63. h6 Nd3 64. h7 Rb8 65. Ra7 Kh3 66. Ra1 Kxg3 67. Rg1+ Kh3 68. Rg8 Rb1+ 69. Rg1 Nf2# 0-1

[Event "Mecklenburg VP LL1 0607"]
[Site "Mecklenburg VP"]
[Date "2006.10.29"]
[Round "2.4"]
[White "Czuchnicki, Jan"]
[Black "Kuehn, Peter1111"]
[Result "1-0"]
[WhiteElo "1989"]
[BlackElo "1753"]
[PlyCount "63"]
[EventDate "2006.10.15"]
[EventType "team"]
[EventRounds "9"]
[EventCountry "GER"]
[SourceTitle "EXT 2008"]
[Source "ChessBase"]
[SourceDate "2007.11.25"]
[SourceVersion "1"]
[SourceVersionDate "2007.11.25"]
[SourceQuality "1"]
[WhiteTeam "Torgelow"]
[BlackTeam "Neubrandenburg SG Eintracht II"]
[WhiteTeamCountry "GER"]
[BlackTeamCountry "GER"]

1. d4 f5 2. g3 Nf6 3. Bg2 g6 4. c4 Bg7 5. Nc3 d6 6. Nf3 0-0 7. 0-0 c6 8. b4 Na6 9. Qb3 Qe8 10. a4 Nc7 11. Ba3 h6 12. Rad1 Be6 13. b5 Rb8 14. Nd2 Qf7 15. Bb2 g5 16. Qb4 a6 17. b6 Nce8 18. Qb3 Qh5 19. d5 cxd5 20. Nxd5 Nxd5 21. cxd5 Bd7 22. Bxg7 Nxg7 23. Nf3 f4 24. Nd4 Rfc8 25. Rc1 fxg3 26. hxg3 Bh3 27. Rc7 Ne8 28. Rxe7 Bxg2 29. Kxg2 Nf6 30. Qe3 Ng4 31. Qe6+ Kf8 32. Rh1 1-0

[Event "Polanica Zdroj op-B 42nd"]
[Site "Polanica Zdroj"]
[Date "2006.08.23"]
[Round "4"]
[White "Czuchnicki, Jan"]
[Black "Chylinski, Piotr"]
[Result "0-1"]
[WhiteElo "2012"]
[BlackElo "1799"]
[PlyCount "106"]
[EventDate "2006.08.20"]
[EventType "swiss"]
[EventRounds "7"]
[EventCountry "POL"]
[SourceTitle "CBM 113 Extra"]
[Source "ChessBase"]
[SourceDate "2006.09.14"]
[SourceVersion "1"]
[SourceVersionDate "2006.09.14"]
[SourceQuality "1"]

1. d4 Nf6 2. Nf3 e6 3. g3 d5 4. Bg2 Be7 5. c4 0-0 6. 0-0 b6 7. Qc2 Nbd7 8. Ne5 Bb7 9. Nc3 Nxe5 10. dxe5 Ng4 11. cxd5 exd5 12. Qf5 Bc8 13. Qf4 c6 14. h3 g5 15. Qd4 Bc5 16. Qd2 Bxf2+ 17. Rxf2 Nxf2 18. Kxf2 f6 19. exf6 Qxf6+ 20. Kg1 Qf2+ 21. Kh2 Rf5 22. Qd3 Re5 23. e4 Bxh3 24. Qf3 Qxg2+ 25. Qxg2 Bxg2 26. Kxg2 dxe4 27. Be3 Rd8 28. g4 h6 29. Kf2 Kh7 30. Ke2 Kg6 31. Rh1 Re7 32. Bc1 Rf8 33. Rh3 Rf3 34. Rxf3 exf3+ 35. Kxf3 Re1 36. Be3 h5 37. Bd2 hxg4+ 38. Kxg4 Rg1+ 39. Kf3 g4+ 40. Kf2 Ra1 41. a3 Rh1 42. Ne4 Rb1 43. Bc3 Kf5 44. Nd6+ Kf4 45. Nc8 g3+ 46. Kg2 Kg4 47. Nxa7 Rc1 48. Bd4 Rc2+ 49. Kf1 Kf3 50. Ke1 c5 51. Nc6 Rc1+ 52. Kd2 cxd4 53. Nxd4+ Kf2 0-1

[Event "Polanica Zdroj op-B 42nd"]
[Site "Polanica Zdroj"]
[Date "2006.08.21"]
[Round "3"]
[White "Bebel, Arkadiusz"]
[Black "Czuchnicki, Jan"]
[Result "1-0"]
[WhiteElo "2052"]
[BlackElo "2012"]
[PlyCount "31"]
[EventDate "2006.08.20"]
[EventType "swiss"]
[EventRounds "7"]
[EventCountry "POL"]
[SourceTitle "CBM 113 Extra"]
[Source "ChessBase"]
[SourceDate "2006.09.14"]
[SourceVersion "1"]
[SourceVersionDate "2006.09.14"]
[SourceQuality "1"]

1. e4 c5 2. Nf3 d6 3. d4 cxd4 4. Nxd4 Nf6 5. Nc3 a6 6. Bc4 e6 7. 0-0 b5 8. Bb3 Nbd7 9. Bg5 Nc5 10. Re1 Nxb3 11. cxb3 Bb7 12. Rc1 Rc8 13. Nd5 h6 14. Rxc8 Bxc8 15. Bxf6 gxf6 16. Nc6 1-0

[Event "Mecklenburg VP LL1 0506"]
[Site "Mecklenburg VP"]
[Date "2005.12.11"]
[Round "4.7"]
[White "Czuchnicki, Jan"]
[Black "Mayerhoff, Lothar"]
[Result "1/2-1/2"]
[WhiteElo "2019"]
[BlackElo "1650"]
[PlyCount "50"]
[EventDate "2005.10.23"]
[EventType "team"]
[EventRounds "9"]
[EventCountry "GER"]
[SourceTitle "EXT 2008"]
[Source "ChessBase"]
[SourceDate "2007.11.25"]
[SourceVersion "1"]
[SourceVersionDate "2007.11.25"]
[SourceQuality "1"]
[WhiteTeam "Torgelow"]
[BlackTeam "Waren"]
[WhiteTeamCountry "GER"]
[BlackTeamCountry "GER"]

1. d4 Nf6 2. Nf3 g6 3. g3 Bg7 4. Bg2 0-0 5. 0-0 d5 6. Ne5 c6 7. Nd2 Ng4 8. Nef3 Nd7 9. c4 Nb6 10. h3 Nh6 11. c5 Nd7 12. e4 dxe4 13. Nxe4 Nf6 14. Nxf6+ exf6 15. g4 Be6 16. Be3 Kh8 17. a4 Ng8 18. Qd2 Ne7 19. b4 Bd5 20. b5 Qd7 21. Qb4 Be4 22. Qc4 Qe6 23. Nd2 Bxg2 24. Kxg2 f5 25. g5 Nd5 1/2-1/2

[Event "Mecklenburg VP LL1 0506"]
[Site "Mecklenburg VP"]
[Date "2005.11.27"]
[Round "3.6"]
[White "Czuchnicki, Jan"]
[Black "Pitz, Marko"]
[Result "1-0"]
[WhiteElo "2019"]
[BlackElo "1433"]
[PlyCount "73"]
[EventDate "2005.10.23"]
[EventType "team"]
[EventRounds "9"]
[EventCountry "GER"]
[SourceTitle "EXT 2008"]
[Source "ChessBase"]
[SourceDate "2007.11.25"]
[SourceVersion "1"]
[SourceVersionDate "2007.11.25"]
[SourceQuality "1"]
[WhiteTeam "Torgelow"]
[BlackTeam "Greifswald II"]
[WhiteTeamCountry "GER"]
[BlackTeamCountry "GER"]

1. d4 d5 2. c4 e6 3. Nf3 Nf6 4. g3 c5 5. cxd5 Nxd5 6. Bg2 Be7 7. 0-0 0-0 8. a3 Nc6 9. dxc5 Bxc5 10. Qc2 Bb6 11. Rd1 Qe7 12. e4 Nc7 13. Nc3 a6 14. Bg5 f6 15. Bf4 e5 16. Qb3+ Ne6 17. Nd5 Bxf2+ 18. Kxf2 Qf7 19. Be3 f5 20. exf5 Qxf5 21. Kg1 Kh8 22. Nh4 Ncd4 23. Qd3 Qxd3 24. Rxd3 Nc2 25. Rf1 Nxe3 26. Rxf8+ Nxf8 27. Rxe3 Bg4 28. Rxe5 Rc8 29. h3 Bd1 30. Nc3 Bb3 31. Bxb7 Rd8 32. Bxa6 Ne6 33. Nf3 Nc7 34. Bb7 Rb8 35. Bc6 Ne6 36. Be4 g6 37. Nd2 1-0

[Event "Mecklenburg VP LL1 0405"]
[Site "Mecklenburg VP"]
[Date "2005.04.24"]
[Round "9.5"]
[White "Czuchnicki, Jan"]
[Black "Jacobs, Hans Juergen"]
[Result "0-1"]
[WhiteElo "2088"]
[BlackElo "1996"]
[PlyCount "94"]
[EventDate "2004.10.24"]
[EventType "team"]
[EventRounds "9"]
[EventCountry "GER"]
[SourceTitle "EXT 2009"]
[Source "ChessBase"]
[SourceDate "2008.11.26"]
[SourceVersion "1"]
[SourceVersionDate "2008.11.26"]
[SourceQuality "1"]
[WhiteTeam "Torgelow Droegeheide"]
[BlackTeam "Stralsund"]
[WhiteTeamCountry "GER"]
[BlackTeamCountry "GER"]

1. d4 d5 2. c4 c6 3. Nf3 Nf6 4. g3 Bf5 5. Bg2 e6 6. 0-0 Bd6 7. Qb3 Qb6 8. c5 Qxb3 9. axb3 Bc7 10. Nc3 Nbd7 11. Bf4 Bxf4 12. gxf4 Ne4 13. b4 0-0 14. Nh4 a6 15. Rfd1 Rad8 16. f3 Nxc3 17. bxc3 Bg6 18. Bh3 f5 19. Kf2 Kh8 20. Ng2 Rf6 21. Ne1 Rdf8 22. Nd3 Be8 23. Bg2 Rg8 24. Ne5 g5 25. Nxd7 Bxd7 26. fxg5 Rxg5 27. Rh1 Rg7 28. Rag1 Rfg6 29. Bf1 Kg8 30. e3 Kf7 31. Rg3 Kf6 32. Bd3 Rh6 33. e4 Rxg3 34. Kxg3 Rg6+ 35. Kf4 dxe4 36. fxe4 Rg4+ 37. Ke3 Rh4 38. e5+ Kg5 39. Be2 Rh3+ 40. Bf3 Be8 41. Rg1+ Kh6 42. Rg3 Rh4 43. Rg8 Bg6 44. Rb8 Rxh2 45. Rxb7 Kg5 46. Be2 f4+ 47. Kd2 Bh5 0-1

[Event "Mecklenburg VP LL1 0405"]
[Site "Mecklenburg VP"]
[Date "2004.12.12"]
[Round "4.4"]
[White "Czuchnicki, Jan"]
[Black "Kohn, Andreas"]
[Result "1-0"]
[WhiteElo "2088"]
[BlackElo "1859"]
[PlyCount "61"]
[EventDate "2004.10.24"]
[EventType "team"]
[EventRounds "9"]
[EventCountry "GER"]
[SourceTitle "EXT 2009"]
[Source "ChessBase"]
[SourceDate "2008.11.26"]
[SourceVersion "1"]
[SourceVersionDate "2008.11.26"]
[SourceQuality "1"]
[WhiteTeam "Torgelow Droegeheide"]
[BlackTeam "Stralsund II"]
[WhiteTeamCountry "GER"]
[BlackTeamCountry "GER"]

1. d4 c5 2. Nf3 cxd4 3. Nxd4 Nf6 4. g3 d5 5. Bg2 Nc6 6. 0-0 e6 7. b3 Bc5 8. Bb2 0-0 9. e3 Re8 10. Nd2 Bd7 11. N2f3 Rc8 12. Qe2 a6 13. Rfd1 Nxd4 14. exd4 Bb4 15. Ne5 Bc3 16. Rab1 Qa5 17. a4 Bxb2 18. Rxb2 Rc3 19. g4 h6 20. h4 Qc7 21. g5 hxg5 22. hxg5 Ne4 23. Bxe4 dxe4 24. Qxe4 Rc8 25. g6 fxg6 26. Qxg6 Rf8 27. Rd3 Rf6 28. Qg5 Rxc2 29. Rg3 Rc1+ 30. Kh2 Rh6+ 31. Qxh6 1-0

[Event "Mecklenburg VP LL1 0405"]
[Site "Mecklenburg VP"]
[Date "2004.10.24"]
[Round "1.5"]
[White "Lang, Henry"]
[Black "Czuchnicki, Jan"]
[Result "1-0"]
[WhiteElo "1752"]
[BlackElo "2088"]
[PlyCount "111"]
[EventDate "2004.10.24"]
[EventType "team"]
[EventRounds "9"]
[EventCountry "GER"]
[SourceTitle "EXT 2009"]
[Source "ChessBase"]
[SourceDate "2008.11.26"]
[SourceVersion "1"]
[SourceVersionDate "2008.11.26"]
[SourceQuality "1"]
[WhiteTeam "Stralsund TSV"]
[BlackTeam "Torgelow Droegeheide"]
[WhiteTeamCountry "GER"]
[BlackTeamCountry "GER"]

1. Nf3 Nf6 2. g3 g6 3. Bg2 Bg7 4. 0-0 0-0 5. c4 c5 6. d3 Nc6 7. Nc3 d5 8. cxd5 Nxd5 9. Bd2 e6 10. Rb1 b6 11. Qc1 Re8 12. Bh6 Bh8 13. Nd2 Bb7 14. Nde4 Nd4 15. Re1 Qd7 16. Qg5 Nf5 17. h4 Rad8 18. Rbc1 Nxh6 19. Qxh6 Bg7 20. Qd2 h6 21. Qc2 Nb4 22. Qb3 f5 23. Nd2 Bxg2 24. Kxg2 Kh7 25. Nf3 Qb7 26. Nb1 Re7 27. Nbd2 Bf6 28. Kg1 Kg7 29. Rcd1 g5 30. a3 Nc6 31. h5 g4 32. Nh2 Nd4 33. Qc4 Qd7 34. f3 Qd6 35. Kg2 Kh7 36. fxg4 Be5 37. Ndf1 Rg8 38. e3 Qc6+ 39. e4 f4 40. Nd2 Reg7 41. Ndf3 Qd6 42. Nxd4 Bxd4 43. e5 Qc6+ 44. Re4 fxg3 45. Kxg3 Qe8 46. Kh3 Rg5 47. Rf1 Bxe5 48. Nf3 b5 49. Nxg5+ hxg5 50. Qxc5 Bxb2 51. Qxa7+ Rg7 52. Qc5 e5 53. d4 Qa8 54. Qxe5 Qxa3+ 55. Re3 Qa4 56. Qf5+ 1-0

[Event "Rowy Seniors op 7th"]
[Site "Rowy"]
[Date "2003.09.04"]
[Round "5"]
[White "Czuchnicki, Jan"]
[Black "Bienkowski, Gabriel"]
[Result "0-1"]
[WhiteElo "2004"]
[BlackElo "2089"]
[PlyCount "31"]
[EventDate "2003.08.??"]
[EventType "swiss"]
[EventRounds "9"]
[EventCountry "POL"]
[SourceTitle "EXT 2006"]
[Source "ChessBase"]
[SourceDate "2005.11.24"]
[SourceVersion "1"]
[SourceVersionDate "2005.11.24"]
[SourceQuality "1"]

1. e4 e5 2. Nf3 d6 3. d4 Nf6 4. Nc3 Nbd7 5. Bc4 Be7 6. Be3 c6 7. Qd2 b5 8. Bd3 0-0 9. h3 Bb7 10. 0-0 b4 11. Ne2 exd4 12. Nexd4 c5 13. Nf5 Nxe4 14. Bxe4 Bxe4 15. Nxd6 Bxf3 16. gxf3 0-1

[Event "Rowy Seniors op 7th"]
[Site "Rowy"]
[Date "2003.09.03"]
[Round "4"]
[White "Cylwik, Zbigniew"]
[Black "Czuchnicki, Jan"]
[Result "0-1"]
[WhiteElo "2103"]
[BlackElo "2004"]
[PlyCount "65"]
[EventDate "2003.08.??"]
[EventType "swiss"]
[EventRounds "9"]
[EventCountry "POL"]
[SourceTitle "EXT 2006"]
[Source "ChessBase"]
[SourceDate "2005.11.24"]
[SourceVersion "1"]
[SourceVersionDate "2005.11.24"]
[SourceQuality "1"]

1. d4 Nf6 2. c4 g6 3. Nc3 Bg7 4. Nf3 d6 5. Bg5 h6 6. Bh4 g5 7. Bg3 Nh5 8. e3 c5 9. Be2 Nc6 10. dxc5 Nxg3 11. hxg3 dxc5 12. Qxd8+ Nxd8 13. 0-0-0 Bf5 14. Bd3 Bg4 15. Kc2 Rc8 16. a3 Nc6 17. Rd2 0-0 18. Nxg5 Bxc3 19. Kxc3 hxg5 20. f3 Be6 21. Rh5 f6 22. Rd1 Rcd8 23. Rdh1 Kf7 24. f4 gxf4 25. gxf4 Ke8 26. Rxc5 Rg8 27. Be4 Rd6 28. b4 Rg3 29. Re1 Kd7 30. Rh5 Bg4 31. Rhh1 Nd8 32. c5 Ra6 33. Kb3 0-1

[Event "Rowy Seniors op 7th"]
[Site "Rowy"]
[Date "2003.09.02"]
[Round "3"]
[White "Czuchnicki, Jan"]
[Black "Myzyk, Jan"]
[Result "0-1"]
[WhiteElo "2004"]
[BlackElo "2170"]
[PlyCount "72"]
[EventDate "2003.08.??"]
[EventType "swiss"]
[EventRounds "9"]
[EventCountry "POL"]
[SourceTitle "EXT 2006"]
[Source "ChessBase"]
[SourceDate "2005.11.24"]
[SourceVersion "1"]
[SourceVersionDate "2005.11.24"]
[SourceQuality "1"]

1. d4 Nf6 2. Nf3 g6 3. c4 Bg7 4. g3 d6 5. Bg2 0-0 6. 0-0 Nc6 7. Nc3 a6 8. h3 e5 9. d5 Na5 10. Nd2 c5 11. e4 Bd7 12. Qe2 Rb8 13. a4 Nh5 14. Ra3 b6 15. Kh2 Qe8 16. Nf3 h6 17. Ne1 f5 18. Nc2 f4 19. b4 cxb4 20. Nxb4 Qc8 21. Nc6 Bxc6 22. dxc6 Qxc6 23. Nd5 Qxc4 24. Qxc4 Nxc4 25. Rc3 b5 26. axb5 axb5 27. g4 Nf6 28. Nb4 Rfc8 29. Rd1 Bf8 30. Rcd3 Ra8 31. f3 Ra4 32. Rb3 Na5 33. Rb1 Nc6 34. Nd5 Nxd5 35. Rxd5 Nd4 36. Bb2 Rb4 0-1

[Event "Rowy Seniors op 7th"]
[Site "Rowy"]
[Date "2003.09.01"]
[Round "2"]
[White "Turek, Andrzej"]
[Black "Czuchnicki, Jan"]
[Result "0-1"]
[WhiteElo "2091"]
[BlackElo "2004"]
[PlyCount "160"]
[EventDate "2003.08.??"]
[EventType "swiss"]
[EventRounds "9"]
[EventCountry "POL"]
[SourceTitle "EXT 2006"]
[Source "ChessBase"]
[SourceDate "2005.11.24"]
[SourceVersion "1"]
[SourceVersionDate "2005.11.24"]
[SourceQuality "1"]

1. e4 c5 2. c3 d5 3. exd5 Qxd5 4. d4 Nf6 5. Nf3 e6 6. Bd3 Be7 7. 0-0 0-0 8. Qe2 Nc6 9. Rd1 Qh5 10. h3 b6 11. Ne5 Qxe2 12. Bxe2 Bb7 13. Bf3 Rac8 14. Bg5 Rfd8 15. Na3 cxd4 16. cxd4 Na5 17. Bxb7 Nxb7 18. Nb5 h6 19. Be3 a6 20. Na7 Rc2 21. Nac6 Re8 22. Nxe7+ Rxe7 23. Rd2 Rec7 24. Rxc2 Rxc2 25. Nd3 Nd5 26. Rc1 Rxc1+ 27. Nxc1 Nd6 28. Nd3 Nf5 29. Bd2 Nxd4 30. Ne5 f6 31. Nd3 Kf7 32. Kf1 h5 33. f3 e5 34. Kf2 Ke6 35. Be3 Nxe3 36. Kxe3 Nf5+ 37. Kf2 h4 38. Ke2 g5 39. Nf2 Ng3+ 40. Kd3 Nh5 41. Ke2 f5 42. Nd1 b5 43. Ne3 Nf4+ 44. Kd2 Nd5 45. Nc2 e4 46. fxe4 fxe4 47. Nd4+ Ke5 48. Nc2 Kf4 49. Ke2 Kg3 50. Kf1 Nf4 51. Ne3 Nd3 52. Nd1 Kf4 53. a3 e3 54. Ke2 Nc1+ 55. Ke1 e2 56. Nc3 Kg3 57. Ne4+ Kxg2 58. Nxg5 Nd3+ 59. Kxe2 Nxb2 60. Ne6 Kxh3 61. Kf3 Nc4 62. Nc7 Nxa3 63. Nxa6 Nc4 64. Nb4 Ne5+ 65. Kf2 Kg4 66. Nd5 Ng6 67. Ne3+ Kf4 68. Nd5+ Ke5 69. Nb4 Kd4 70. Kf3 Kc4 71. Nc2 b4 72. Nxb4 Kxb4 73. Kg4 Kc4 74. Kh3 Kd4 75. Kg4 Ke4 76. Kh3 Kf3 77. Kh2 Nf4 78. Kg1 Kg3 79. Kh1 Nd3 80. Kg1 Nf2 0-1